[Manažment dizajnu]

Recenzia na skriptum Manažment dizajnu. Skriptá sú venované problematike dizajnu produktov ako významnému faktoru konkurencieschopnosti nielen firiem, ale aj krajín. Integrácia dizajnu do podnikania prispieva okrem národnej konkurencieschpnosti aj k rozvoju všeobecnej tvorivosti a imidžu krajiny v o...

Descrizione completa

Salvato in:
Dettagli Bibliografici
Autore principale: Mlákay, Jozef
Natura: Capitolo di libro
Lingua:slovacco
Soggetti:
Tags: Aggiungi Tag
Nessun Tag, puoi essere il primo ad aggiungerne!!

MARC

LEADER 00000naa a2200000 4500
001 0205753
005 20240502073427.0
041 0 |a slo 
044 |a SK 
245 1 0 |a [Manažment dizajnu]  |c Jozef Mlákay 
520 |a Recenzia na skriptum Manažment dizajnu. Skriptá sú venované problematike dizajnu produktov ako významnému faktoru konkurencieschopnosti nielen firiem, ale aj krajín. Integrácia dizajnu do podnikania prispieva okrem národnej konkurencieschpnosti aj k rozvoju všeobecnej tvorivosti a imidžu krajiny v oblasti dizajnu. 
610 2 0 |a recenzie 
610 2 0 |a dizajn 
610 2 0 |a konkurencia 
610 2 0 |a stratégia inovačná 
610 2 0 |a stratégia marketingová 
100 1 |a Mlákay, Jozef